Robot công nghiệp (Giáo trình dùng cho sinh viên các trường kỹ thuật)

में बचाया:
ग्रंथसूची विवरण
मुख्य लेखक: Nguyễn, Thiện Phúc
स्वरूप: पुस्तक
भाषा:Undetermined
प्रकाशित: Hà Nội Khoa học & Kỹ thuật 2004
विषय:
टैग : टैग जोड़ें
कोई टैग नहीं, इस रिकॉर्ड को टैग करने वाले पहले व्यक्ति बनें!
Thư viện lưu trữ: Trung tâm Học liệu Trường Đại học Cần Thơ
LEADER 00656nam a2200205Ia 4500
001 CTU_74897
008 210402s9999 xx 000 0 und d
020 |c 40000 
082 |a 629.892 
082 |b Ph506 
100 |a Nguyễn, Thiện Phúc 
245 0 |a Robot công nghiệp 
245 0 |b (Giáo trình dùng cho sinh viên các trường kỹ thuật) 
245 0 |c Nguyễn Thiện Phúc 
260 |a Hà Nội 
260 |b Khoa học & Kỹ thuật 
260 |c 2004 
650 |a Automatic control,Mechatronics,Robots,industrial 
904 |i Tuyến 
980 |a Trung tâm Học liệu Trường Đại học Cần Thơ